书目信息 |
| 题名: |
液态碳氢化合物透射光谱测量及其热辐射物性反演研究
|
|
| 作者: | 李栋 著 | |
| 分册: | ||
| 出版信息: | 北京 科学出版社 2017.06 |
|
| 页数: | 229页 | |
| 开本: | 24cm | |
| 丛书名: | 博士后文库 | |
| 单 册: | ||
| 中图分类: | O622.1 | |
| 科图分类: | ||
| 主题词: | 烃--光谱--测量--研究 , 烃--热辐射--反演--研究 | |
| 电子资源: | ||
| ISBN: | 978-7-03-051583-4 | |
| 000 | 01209oam2 2200265 450 | |
| 001 | 4784 | |
| 005 | 20181013091636.27 | |
| 010 | @a978-7-03-051583-4@dCNY95.00 | |
| 100 | @a20170905d2017 em y0chiy50 ea | |
| 101 | 0 | @achi |
| 102 | @aCN@b110000 | |
| 105 | @aa z 000yy | |
| 200 | 1 | @a液态碳氢化合物透射光谱测量及其热辐射物性反演研究@9ye tai tan qing hua he wu tou she guang pu ce liang ji qi re fu she wu xing fan yan yan jiu@f李栋著 |
| 210 | @a北京@c科学出版社@d2017.06 | |
| 215 | @a229页@c图@d24cm | |
| 225 | 1 | @a博士后文库 |
| 300 | @a中国博士后科学基金资助出版 | |
| 330 | @a本书阐明了透射法实验获取液态碳氢化合物透射光谱及其热辐射物性反演的基础知识,介绍了传热传质理论和电磁理论在液态碳氢化合物辐射特性测量系统及其光学测量工程中的应用。全书共6章,包括恒温箱热环境仿真和光学腔的瞬态加热特性研究、反演液态碳氢化合物热辐射物性的方法研究、液态碳氢化合物高温透射特性测量实验系统的研制、基于透射光谱反演光学窗口玻璃光学常数的双厚度法研究、液态碳氢化合物热辐射物性的实验研究。 | |
| 461 | 0 | @12001 @a博士后文库 |
| 606 | 0 | @a烃@x光谱@x测量@x研究 |
| 606 | 0 | @a烃@x热辐射@x反演@x研究 |
| 690 | @aO622.1@v5 | |
| 701 | 0 | @a李栋@9li dong@4著 |
| 801 | 0 | @aCN@b91MARC@c20170905 |
| 905 | @aMuseLib@dO622.1@e5 | |
| 液态碳氢化合物透射光谱测量及其热辐射物性反演研究/李栋著.-北京:科学出版社,2017.06 |
| 229页:图;24cm.-(博士后文库) |
| 中国博士后科学基金资助出版 |
| ISBN 978-7-03-051583-4:CNY95.00 |
| 本书阐明了透射法实验获取液态碳氢化合物透射光谱及其热辐射物性反演的基础知识,介绍了传热传质理论和电磁理论在液态碳氢化合物辐射特性测量系统及其光学测量工程中的应用。全书共6章,包括恒温箱热环境仿真和光学腔的瞬态加热特性研究、反演液态碳氢化合物热辐射物性的方法研究、液态碳氢化合物高温透射特性测量实验系统的研制、基于透射光谱反演光学窗口玻璃光学常数的双厚度法研究、液态碳氢化合物热辐射物性的实验研究。 |
| ● |
| 相关链接 |
|
|
|
|
正题名:液态碳氢化合物透射光谱测量及其热辐射物性反演研究
索取号:O622.1/5
 
预约/预借
| 序号 | 登录号 | 条形码 | 馆藏地/架位号 | 状态 | 备注 |
| 1 | 1126629 | 211266299 | 第二样本阅览室/ [索取号:O622.1/5] | 在馆 | |
| 2 | 1126630 | 211266306 | 第三借阅区/ [索取号:O622.1/5] | 在馆 | |
| 3 | 1126631 | 211266315 | 第三借阅区/ [索取号:O622.1/5] | 在馆 | |
| 4 | 1126632 | 211266324 | 第三借阅区/ [索取号:O622.1/5] | 在馆 | |
| 5 | 1126633 | 211266333 | 第三借阅区/ [索取号:O622.1/5] | 在馆 |